Deconstructing 'emerging powers' and 'emerging markets': India and the United States in global governance (Record no. 110090)

000 -LEADER
fixed length control field 00430pab a2200145 454500
008 - FIXED-LENGTH DATA ELEMENTS--GENERAL INFORMATION
fixed length control field 180718b2015 xxu||||| |||| 00| 0 eng d
100 ## - MAIN ENTRY--PERSONAL NAME
Personal name Mahrenbach, Laura Carsten
245 ## - TITLE STATEMENT
Title Deconstructing 'emerging powers' and 'emerging markets': India and the United States in global governance
260 ## - PUBLICATION, DISTRIBUTION, ETC.
Date of publication, distribution, etc. 2015
300 ## - PHYSICAL DESCRIPTION
Extent p.348-364.
362 ## - DATES OF PUBLICATION AND/OR SEQUENTIAL DESIGNATION
Dates of publication and/or sequential designation Dec
650 ## - SUBJECT ADDED ENTRY--TOPICAL TERM
Topical term or geographic name entry element Financial markets
773 ## - HOST ITEM ENTRY
Main entry heading India Quarterly
909 ## -
-- 110095
Holdings
Withdrawn status Lost status Damaged status Not for loan Permanent Location Current Location Date acquired Serial Enumeration / chronology Barcode Date last seen Price effective from Koha item type
        Indian Institute of Public Administration Indian Institute of Public Administration 2018-07-19 Volume no: 71, Issue no: 4 AR110555 2018-07-19 2018-07-19 Articles

Powered by Koha